[Event "SUI-chT"]
[Site "Switzerland"]
[Date "2021.11.07"]
[Round "7.7"]
[White "Morf, Juerg Walter"]
[Black "Fischer, Daniel1"]
[Result "0-1"]
[WhiteElo "1952"]
[BlackElo "2296"]
[PlyCount "108"]
[EventDate "2021.08.29"]
[EventType "team-tourn"]
[EventRounds "9"]
[EventCountry "SUI"]
[SourceTitle "EXT 2023"]
[Source "ChessBase"]
[SourceDate "2022.10.05"]
[SourceVersion "1"]
[SourceVersionDate "2022.10.05"]
[SourceQuality "1"]
[WhiteTeam "Bodan"]
[BlackTeam "Zuerich"]
[WhiteTeamCountry "SUI"]
[BlackTeamCountry "SUI"]

1. e4 c5 2. d3 Nc6 3. g3 g6 4. Bg2 Bg7 5. f4 e6 6. Nf3 Nge7 7. c3 d5 8. e5 0-0 9. 0-0 b6 10. Na3 Qd7 11. d4 Ba6 12. Re1 Rfc8 13. Nc2 Rc7 14. Be3 Na5 15. Na3 Rac8 16. Bf1 Bxf1 17. Rxf1 Bf8 18. g4 cxd4 19. Nxd4 Nc4 20. Nxc4 Rxc4 21. Qd3 Bg7 22. Rae1 a5 23. Rf3 b5 24. a3 b4 25. axb4 axb4 26. Bd2 bxc3 27. Bxc3 Nc6 28. Nxc6 Qxc6 29. Kg2 Qb6 30. Rd1 Bf8 31. Bd4 Bc5 32. Bxc5 R8xc5 33. Rd2 Rb4 34. Rff2 Rcc4 35. h3 Rxf4 36. Rxf4 Rxf4 37. Re2 Qb4 38. Qc3 Qa4 39. b3 Qa7 40. Qe3 Qxe3 41. Rxe3 g5 42. Kg3 Kg7 43. h4 h6 44. hxg5 hxg5 45. Re2 Kf8 46. Re3 Ke7 47. Re2 Kd7 48. Re3 Kc6 49. Re2 Kb5 50. Re3 Kb4 51. Rd3 Re4 52. Rf3 Rxe5 53. Rxf7 Kxb3 54. Rc7 d4 0-1

[Event "SUI-ch Seniors"]
[Site "Graechen"]
[Date "2013.??.??"]
[Round "1"]
[White "Bhend, Edwin"]
[Black "Morf, Juerg Walter"]
[Result "1-0"]
[WhiteElo "2249"]
[BlackElo "1982"]
[PlyCount "81"]
[EventDate "2013.07.11"]
[EventType "swiss"]
[EventRounds "7"]
[EventCountry "SUI"]
[SourceTitle "CBM 155 Extra"]
[Source "ChessBase"]
[SourceDate "2013.08.26"]
[SourceVersion "1"]
[SourceVersionDate "2013.08.26"]
[SourceQuality "1"]

1. b3 e5 2. Bb2 d6 3. g3 Nf6 4. Bg2 c6 5. c4 Nbd7 6. Nc3 Be7 7. e3 0-0 8. Nge2 Qc7 9. 0-0 Nc5 10. d4 Ne6 11. h3 e4 12. Kh2 d5 13. Rc1 Qd7 14. Ng1 Ng5 15. Nb1 h5 16. Nd2 Bd6 17. f4 exf3 18. Ndxf3 Nxf3+ 19. Nxf3 Ne4 20. Ne5 Qe6 21. cxd5 cxd5 22. Qxh5 Qh6 23. Qxh6 gxh6 24. Bxe4 dxe4 25. Nc4 Be7 26. Ba3 Bxa3 27. Nxa3 Bd7 28. Rf6 Kg7 29. Rd6 Rfd8 30. g4 Bc6 31. Rxd8 Rxd8 32. Kg3 f6 33. Nb1 Kg6 34. Rc5 Rd5 35. Rxd5 Bxd5 36. Nc3 Be6 37. Nxe4 f5 38. Nc5 Bc8 39. Kf4 fxg4 40. hxg4 b6 41. Nd3 1-0

[Event "SUI-ch Seniors"]
[Site "Samnaun"]
[Date "2008.07.16"]
[Round "7"]
[White "Hohler, Peter"]
[Black "Morf, Juerg Walter"]
[Result "1/2-1/2"]
[WhiteElo "2200"]
[BlackElo "1980"]
[PlyCount "38"]
[EventDate "2008.07.08"]
[EventType "tourn"]
[EventRounds "9"]
[EventCountry "SUI"]
[SourceTitle "CBM 125 Extra"]
[Source "ChessBase"]
[SourceDate "2008.09.01"]
[SourceVersion "1"]
[SourceVersionDate "2008.09.01"]
[SourceQuality "1"]

1. c4 e5 2. Nc3 Nf6 3. Nf3 Nc6 4. e3 Bb4 5. Qc2 0-0 6. Nd5 Bc5 7. a3 a5 8. Nxe5 Nxe5 9. d4 d6 10. dxc5 dxc5 11. Qc3 Re8 12. Nxf6+ Qxf6 13. f4 Ng4 14. Qxf6 Nxf6 15. Bd3 Bd7 16. Bd2 Ba4 17. Ke2 b6 18. Rac1 Rad8 19. Bb1 Ne4 1/2-1/2

[Event "SUI-ch Seniors"]
[Site "Samnaun"]
[Date "2008.07.10"]
[Round "1"]
[White "Morf, Juerg Walter"]
[Black "Buergi, Jakob"]
[Result "1/2-1/2"]
[WhiteElo "1980"]
[BlackElo "1955"]
[PlyCount "153"]
[EventDate "2008.07.08"]
[EventType "tourn"]
[EventRounds "9"]
[EventCountry "SUI"]
[SourceTitle "CBM 125 Extra"]
[Source "ChessBase"]
[SourceDate "2008.09.01"]
[SourceVersion "1"]
[SourceVersionDate "2008.09.01"]
[SourceQuality "1"]

1. e4 e6 2. d4 d5 3. e5 c5 4. Nf3 Nc6 5. Bd3 cxd4 6. 0-0 Bc5 7. Bf4 Nge7 8. a3 a6 9. Nbd2 h6 10. b4 Bb6 11. Nb3 0-0 12. Qd2 Ng6 13. Bg3 Qe7 14. h4 f5 15. exf6 Qxf6 16. Bxg6 Qxg6 17. Ne5 Nxe5 18. Bxe5 Qg4 19. g3 Bd7 20. Nxd4 Rac8 21. c3 Bd8 22. Kh2 Rc4 23. f3 Qh5 24. Rae1 Bf6 25. f4 Qg4 26. Re3 Bd8 27. Qe2 Qg6 28. h5 Qf7 29. g4 Bb6 30. Rg3 Rfc8 31. Rff3 Ba4 32. f5 Bxd4 33. Bxd4 Rxd4 34. Qxe6 Rd2+ 35. Kh3 Qxe6 36. fxe6 Re2 37. Re3 Rxe3 38. Rxe3 Re8 39. Re5 Bb3 40. Kh4 Rc8 41. Re3 Re8 42. g5 hxg5+ 43. Kxg5 Bc2 44. Re5 Be4 45. c4 Bg2 46. cxd5 Bxd5 47. Rxd5 Rxe6 48. Rd7 Rb6 49. Rc7 Kh7 50. Kg4 Rb5 51. Rd7 b6 52. Rd4 a5 53. Re4 Rd5 54. Rc4 axb4 55. axb4 Rb5 56. Rd4 Kg8 57. Rf4 Rd5 58. Kh4 Rd1 59. Kg5 Rd6 60. Rf5 Rc6 61. b5 Rc4 62. Kg6 Rd4 63. Kg5 Rd6 64. Kg4 Kh7 65. Kg5 Rd1 66. Rf4 Rg1+ 67. Kh4 Kh6 68. Rd4 g5+ 69. hxg6 Rxg6 70. Rc4 Kg7 71. Rc6 Kf7 72. Rxg6 Kxg6 73. Kg4 Kf6 74. Kf4 Ke6 75. Ke4 Kd6 76. Kd4 Ke6 77. Ke4 1/2-1/2

[Event "SUI-ch Seniors"]
[Site "Leukerbad"]
[Date "2007.??.??"]
[Round "7"]
[White "Vucenovic, Dragomir"]
[Black "Morf, Juerg Walter"]
[Result "1-0"]
[WhiteElo "2300"]
[BlackElo "1980"]
[PlyCount "75"]
[EventDate "2007.07.??"]
[EventType "swiss"]
[EventRounds "9"]
[EventCountry "SUI"]
[SourceTitle "EXT 2010"]
[Source "ChessBase"]
[SourceDate "2010.11.25"]
[SourceVersion "1"]
[SourceVersionDate "2010.11.25"]
[SourceQuality "1"]

1. d4 Nf6 2. Nf3 c5 3. d5 b5 4. e3 a6 5. c4 d6 6. Bd3 bxc4 7. Bxc4 Nbd7 8. Nc3 Nb6 9. Be2 Bb7 10. e4 g6 11. a4 Bg7 12. a5 Nbd7 13. h3 0-0 14. 0-0 Qc7 15. Nd2 Rfb8 16. Nc4 Bc8 17. Qc2 Ne8 18. Na4 Ra7 19. Bd2 Qd8 20. Nab6 Nc7 21. Bc3 Nb5 22. Bd3 Nd4 23. Qd1 Ne5 24. Nxe5 dxe5 25. Bd2 Bd7 26. Rc1 f5 27. Rxc5 f4 28. Re1 h5 29. Bc3 Rxb6 30. axb6 Qxb6 31. b4 Kh7 32. Bxd4 exd4 33. e5 Kh6 34. Qd2 g5 35. h4 Ra8 36. hxg5+ Kxg5 37. e6 Bb5 38. d6+ 1-0

[Event "SUI-ch Hauptturnier II"]
[Site "Graechen"]
[Date "1999.??.??"]
[Round "3"]
[White "Brandenberger, Walter"]
[Black "Morf, Juerg Walter"]
[Result "0-1"]
[WhiteElo "1635"]
[BlackElo "1820"]
[PlyCount "62"]
[EventDate "1999.07.??"]
[EventType "swiss"]
[EventRounds "7"]
[EventCountry "SUI"]
[SourceTitle "EXT 2002"]
[Source "ChessBase"]
[SourceDate "2001.11.25"]
[SourceVersion "1"]
[SourceVersionDate "2001.11.25"]
[SourceQuality "1"]

1. e4 c5 2. Nf3 d6 3. d4 cxd4 4. Nxd4 Nf6 5. Nc3 a6 6. Be2 e5 7. Nb3 Be7 8. Be3 0-0 9. 0-0 Be6 10. f3 Nbd7 11. Nd5 Bxd5 12. exd5 Ne8 13. f4 f5 14. fxe5 dxe5 15. Qd2 Rc8 16. c3 Nd6 17. Rad1 g6 18. g3 Nb6 19. Qe1 Ndc4 20. Bxc4 Nxc4 21. Bf2 Bd6 22. Qe2 b5 23. Nc1 Qc7 24. Nd3 Rcd8 25. Nb4 f4 26. Qe4 Bc5 27. Nxa6 Bxf2+ 28. Rxf2 Qb6 29. Nb4 fxg3 30. hxg3 Qxf2+ 31. Kh1 Rf5 0-1

[Event "SUI-ch Hauptturnier II"]
[Site "Graechen"]
[Date "1999.??.??"]
[Round "4"]
[White "Morf, Juerg Walter"]
[Black "Germann, Martin"]
[Result "1-0"]
[WhiteElo "1820"]
[BlackElo "1765"]
[PlyCount "41"]
[EventDate "1999.07.??"]
[EventType "swiss"]
[EventRounds "7"]
[EventCountry "SUI"]
[SourceTitle "EXT 2002"]
[Source "ChessBase"]
[SourceDate "2001.11.25"]
[SourceVersion "1"]
[SourceVersionDate "2001.11.25"]
[SourceQuality "1"]

1. e4 e6 2. d4 d5 3. e5 c5 4. Nf3 Nc6 5. Bd3 Bd7 6. 0-0 cxd4 7. a3 Nge7 8. Bf4 Ng6 9. Bg3 Be7 10. Re1 0-0 11. b4 Rc8 12. Nbd2 a6 13. Nb3 Qb6 14. h4 f5 15. exf6 gxf6 16. h5 Nh8 17. Nfxd4 e5 18. Bf5 Qd8 19. Qg4+ Kf7 20. Nxc6 Bxc6 21. Be6+ 1-0

[Event "Arosa SKA op"]
[Site "Arosa"]
[Date "1996.07.15"]
[Round "5"]
[White "Morf, Juerg Walter"]
[Black "Trachsel, Peter"]
[Result "1-0"]
[WhiteElo "1855"]
[BlackElo "1855"]
[PlyCount "41"]
[EventDate "1996.07.11"]
[EventType "swiss"]
[EventRounds "9"]
[EventCountry "SUI"]
[SourceTitle "EXT 2006"]
[Source "ChessBase"]
[SourceDate "2005.11.24"]
[SourceVersion "1"]
[SourceVersionDate "2005.11.24"]
[SourceQuality "1"]

1. e4 c6 2. d4 d5 3. e5 Bf5 4. Nf3 e6 5. Be2 c5 6. Be3 Qb6 7. Nc3 Nc6 8. 0-0 cxd4 9. Nxd4 Qc7 10. Nxf5 d4 11. Nxd4 Rd8 12. Bb5 Bc5 13. Bxc6+ bxc6 14. Qg4 Ne7 15. Nxe6 fxe6 16. Bxc5 0-0 17. Qxe6+ Rf7 18. Bxe7 Qxe7 19. Qxe7 Rxe7 20. f4 Rb7 21. b3 1-0